Bases que deban tenerse presentes para reformar la instrucción pública en nuestro país : (Record no. 39386)

MARC details
000 -LEADER
campo de control de longitud fija 00739nam a2200193 i 4500
001 - NÚMERO DE CONTROL
campo de control 39386
003 - IDENTIFICADOR DE NÚMERO DE CONTROL
campo de control ES-MaACL
005 - FECHA Y HORA DE LA ÚLTIMA TRANSACCIÓN
campo de control 20240203062543.0
007 - CAMPO FIJO DE DESCRIPCIÓN FÍSICA--INFORMACIÓN GENERAL
campo de control de longitud fija t|
008 - DATOS DE LONGITUD FIJA--INFORMACIÓN GENERAL
campo de control de longitud fija 030303s1873 sp ||||1| spa d
080 ## - NÚMERO DE LA CLASIFICACIÓN DECIMAL UNIVERSAL
Número de la Clasificación Decimal Universal 37.057(460)"18"
100 1# - ENTRADA PRINCIPAL--NOMBRE DE PERSONA
Nombre de persona Calleja y Sánchez, Julián,
Fechas asociadas al nombre 1837-1913
9 (RLIN) 33734
245 10 - MENCIÓN DEL TÍTULO
Título Bases que deban tenerse presentes para reformar la instrucción pública en nuestro país :
Resto del título discurso leído en la inauguración del curso de 1873 a 74 en la Universidad Central /
Mención de responsabilidad, etc. Julián Calleja y Sánchez.
260 ## - PUBLICACIÓN, DISTRIBUCIÓN, ETC.
Lugar de publicación, distribución, etc. Madrid :
Nombre del editor, distribuidor, etc. [s.n.],
Fecha de publicación, distribución, etc. 1873.
650 #4 - PUNTO DE ACCESO ADICIONAL DE MATERIA--TÉRMINO DE MATERIA
Término de materia o nombre geográfico como elemento de entrada Enseñanza pública-
Subdivisión geográfica España.
9 (RLIN) 12311
710 2# - ENTRADA AGREGADA--NOMBRE DE ENTIDAD CORPORATIVA
Nombre de entidad corporativa o nombre de jurisdicción como elemento de entrada Universidad Central (Madrid)
9 (RLIN) 7084
852 4# - LOCALIZACIÓN
Ubicación ES-MaACL
Número de control de estantería T-153-F-11
Holdings
Estatus retirado Estado de pérdida Estado de daño No para préstamo Colección Biblioteca de origen Biblioteca actual Ubicación en estantería Fecha de adquisición Fuente de adquisición Total de préstamos Signatura topográfica completa Código de barras Visto por última vez Precio de reemplazo Tipo de ítem Koha
        Colección de folletos Biblioteca del Ateneo de Madrid Biblioteca del Ateneo de Madrid Depósito folletos 17/01/2008     T-153-F-11 1041480 23/02/2023 23/02/2023 Folleto